000 00389cam a22001337a 4500
008 180718b1934 xxu||||| |||| 00| 0 eng d
082 _aT0 G791
100 _aGray, Alexander
245 _aThe development of economic doctrine: an introductory survey
_cby Alexander Gray
260 _aLondon
_bLongmans
_c1934
300 _a384p.
500 _aFirst pub.1931
650 _aEconomics - History
999 _c366758
_d366758